| 000 | 00428nam a22001577a 4500 | ||
|---|---|---|---|
| 020 | _a0706915666 | ||
| 082 |
_a512 _bBAL _cL-1;P-27 |
||
| 100 |
_aBALAKRISHNAN, R. _939134 |
||
| 245 |
_aA text of modern algebra/ _bR BALAKRISHNAN. |
||
| 250 | _a3rd ed. | ||
| 260 |
_aIndia : _bVikas Publishing House, _cc1978. |
||
| 300 | _axii, 224 p. : | ||
| 526 |
_a0 _b0 _c0 _d512_000000000000000_BAL |
||
| 650 |
_aMCE _9379 |
||
| 942 |
_2ddc _cBK |
||
| 999 |
_c543675 _d543675 |
||